Reštitúcie v poľnohospodárstve Slovenskej republiky k 1. 2. 1994

Bibliographic Details
Main Author: Slováková, Gabriela (Author)
Format: Article
Language:Slovak
PhysicalDescription:Tab. 4, res. angl., nem., slov., lit. 2 zázn. v slov.
ISSN:1210-1095
Subjects:

MARC

LEADER 00000nab a2200000 a 4500
001 vtls000553993
003 SK-MaSNL
005 20260304085958.0
008 250425c1995 xo 0 slo
015 |a SNBRB19rr/mm-uuuuu 
035 |a CL0554131 
035 |a urn:nbn:sk:snk-ab75v9 
035 |a (uuid)4c4ae0ed-641b-4068-b1ee-593a98dea75b 
035 |a (urnnbn)urn:nbn:sk:snk:ar-a070yt 
035 |a (sysno)vtls000553993 
040 |a SNKBUCL  |b slo  |c SNKBUCL  |e AACR2 
041 0 |a slo 
044 |a xo  |c SK 
080 |a 631(437.6):332.2:347.232:311(437.6)  |2 1981 
080 |a 332.2  |2 1981 
080 |a 347.232  |2 1981 
080 |a 311(437.6)  |2 1981 
100 1 |a Slováková, Gabriela  |4 aut  |9 743925 
245 1 0 |a Reštitúcie v poľnohospodárstve Slovenskej republiky k 1. 2. 1994  |c Gabriela Slováková 
300 |b Tab. 4, res. angl., nem., slov., lit. 2 zázn. v slov. 
650 0 7 |a poľnohospodárstvo  |2 snkbucl  |9 679 
650 0 7 |a majetkové reštitúcie  |2 snkbucl  |9 1608 
655 7 |a články z novín a časopisov  |2 snkbucl  |9 267496 
773 0 |t Slovenská štatistika a demografia  |g Roč. 5, č. 2 (1995), s. 43-50  |x 1210-1095 
850 |a Slovenská národná knižnica 
852 |a Slovenská národná knižnica 
954 |a odborná, vedecká literatúra pôvodná (slovenská)  |2 lita 
958 |a article27 
958 |a RK 
958 |a SK 
958 |a OND 
958 |a EUIPO 
992 |a RBX 
999 |c 2809913  |d 2811843